Nuevos espacios para la cultura en Europa / Enric Franch, editor
ISBN:
84-8970-55-8
Descripción Física:
219 p. : il. ; 24 cm
Otros Autores:
Franch, Enric
MARC
| LEADER | 00000nam a2200000Ia 4500 | ||
|---|---|---|---|
| 001 | 13150 | ||
| 008 | 160829s2000 xx 000 0 cat d | ||
| 020 | |a 84-8970-55-8 | ||
| 080 | |a M-3-413 | ||
| 245 | |a Nuevos espacios para la cultura en Europa / Enric Franch, editor | ||
| 260 | |a Barcelona : |b Diputació de Barcelona ; Lleida : |b Milenio, |c 2000 | ||
| 300 | |a 219 p. : |b il. ; |c 24 cm | ||
| 490 | |a Interacció. Materiales de política cultural ; 3 | ||
| 590 | |a Un altre exemplar en català: M-3-412 | ||
| 650 | 0 | |a Gestio cultural |z Europa |9 5234 | |
| 650 | |a Equipaments culturals |x Europa |9 36538 | ||
| 700 | 1 | |a Franch, Enric |9 36539 | |
| 710 | 1 | |a Barcelona (Catalunya : Província). |b Diputació |9 52408 | |
| 901 | |a Arxiu | ||
| 942 | |n 1 | ||
| 952 | |0 0 |1 0 |4 0 |6 M3413 |7 1 |9 47934 |a Arxiu |b Arxiu |d 2016-12-01 |l 0 |o M-3-413 |p 13150 |r 2016-12-01 00:00:00 |w 2016-12-01 |y ARXIU | ||
| 999 | |c 51734 |d 51734 | ||